Score 0/20 Timer 08:00
0 Plays Today
Sight Country % Correct
Eifel towerFrance
95.7%
Statue of LibertyUnited States of Amarica
95.7%
Taj MahalIndia
95.7%
Sydney oprha houseAustralia
95.7%
ColosseumItaly
95.7%
Sagrada FamiliaSpain
95.7%
Machu PichuPeru
95.7%
Great PyramidEgypt
95.7%
Forbidden cityChina
91.3%
Mount RushmoreUnited States of America
91.3%
Sight Country % Correct
StonehengeUK
91.3%
Chichen ItzaMexico
91.3%
AlpsSwitzerland
91.3%
MeccaSaudi Arabia
91.3%
Saint Basils' CathedralRussia
87%
Table MountainSouth Africa
73.9%
AconcaguaChile
65.2%
Winter palaceRussia
65.2%
InukshukCanada
60.9%
Angel of the NorthUnited Kingdom
56.5%
Remove Ads.
Support Sporcle.
Get the best of Sporcle when you Go Orange. This ad-free experience offers more features, more stats, and more fun while also helping to support Sporcle. Thank you for becoming a member.

You're not logged in!

Compare scores with friends on all Sporcle quizzes.
OR
Log In

Sporcle TV

Today on Sporcle TV


Watch our educational content, quiz creation guides, and fun videos on Sporcle TV.

Show Comments

Extras

Created May 15, 2020ReportNominate
Tags:Country Quiz, Famous Quiz, sight

Top Quizzes Today


Score Distribution

Paid Content

Your Account Isn't Verified!

In order to create a playlist on Sporcle, you need to verify the email address you used during registration. Go to your Sporcle Settings to finish the process.

Report this User

Report this user for behavior that violates our Community Guidelines.

Details: